000 00864nam a22002057a 4500
005 20240715115926.0
010 _aHIN-127914
020 _c395.00
_a9789388583688
035 _aHN-100260
037 _bDBAD
082 _a821
100 _aसोनी,रामनारायण
_968451
245 _aकाव्य की अंतर्धाराए/
_cरामनारायण सोनी: जया पाठक द्वारा संपादित
250 _aप्रथम
260 _aनई दिल्ली
_bसाहित्यभूमि
_c2020
270 _aएन-3/5ए, मोहन गार्डन,
_bनई दिल्ली
_e110059
300 _a136पृ.
_c23 सेमी. (सजिल्द)
700 _967976
_aपाठक,जया
942 _2ddc
_cHN
_h821
_mरामना
999 _c203890
_d203890